Superman's Enemies - Statistics

General Stats
  • This quiz has been taken 797 times
  • The average score is 6 of 24
Answer Stats
Hint Answer % Correct
Lex Luthor
98%
Doomsday
73%
General Zod
73%
Darkseid
59%
Bizarro
58%
Metallo
47%
Parasite
40%
Toyman
32%
Braniac
25%
Mongul
20%
Livewire
19%
Lobo
17%
Mxyzptlk
16%
Ultra Humanite
15%
Kalibak
9%
Silver Banshee
8%
Atomic Skull
7%
Jax-Ur
5%
Bruno Mannheim
4%
Volcana
4%
Luminus
3%
Weather Wizard
3%
Mala
2%
Prometheus
1%
No matching quizzes found
Score Distribution
Percent of People with Each Score
Percentile by Number Answered
Your Score History
You have not taken this quiz